000 00374nam a2200157Ia 4500
008 230917s9999||||xx |||||||||||||| ||und||
040 _e80861
_aMAIN
041 _aEnglish
082 _a342.7 B81B
100 _aBrownlie, Ian
245 0 _aBasic documents on human rights
250 _a2nd ed.
260 _aOxford
_bClarendon
_c1981
300 _ax, 505 p.
942 _cBK
999 _c77655
_d77655